Houses in multiple occupation: a new opportunity for local authorities (Record no. 3731)
[ view plain ]
| 000 -LEADER | |
|---|---|
| fixed length control field | 00995cab a2200229 4500 |
| 001 - CONTROL NUMBER | |
| control field | ABS37691 |
| 008 - FIXED-LENGTH DATA ELEMENTS--GENERAL INFORMATION | |
| fixed length control field | 090401t1987 xxu||||| |||| 00| 0 eng d |
| 035 ## - SYSTEM CONTROL NUMBER | |
| System control number | (Sirsi) u6210 |
| 041 ## - LANGUAGE CODE | |
| Language code of text/sound track or separate title | eng |
| 100 ## - MAIN ENTRY--PERSONAL NAME | |
| Personal name | Hughes, D. |
| 245 ## - TITLE STATEMENT | |
| Title | Houses in multiple occupation: a new opportunity for local authorities |
| 260 ## - PUBLICATION, DISTRIBUTION, ETC. | |
| Date of publication, distribution, etc. | 1987 |
| 300 ## - PHYSICAL DESCRIPTION | |
| Extent | (See also WB2304-18) |
| 350 ## - PRICE (NR) (BK AM CF MU VM SE) [OBSOLETE] | |
| Price | 0 |
| 490 ## - SERIES STATEMENT | |
| Series statement | Housing and Planning Review |
| Volume/sequential designation | 42(2) May 1987 20-21(2) |
| 520 ## - SUMMARY, ETC. | |
| Summary, etc. | Local authorities have a variety of powers to deal with houses in multiple occupation , (HMOs). This article discusses R v Secretary of State for the Environment ex parte Royal Borough of Kensington and Chelsea, where the authority made a compulsory purchase order on five HMOs on the ground that the conduct and management of the landlord deprived the tenants of the quiet enjoyment of their dwellings. |
| 650 ## - SUBJECT ADDED ENTRY--TOPICAL TERM | |
| Topical term or geographic name entry element | FLATS |
| 650 ## - SUBJECT ADDED ENTRY--TOPICAL TERM | |
| Topical term or geographic name entry element | HOUSING ACT 1985 |
| 690 ## - LOCAL SUBJECT ADDED ENTRY--TOPICAL TERM (OCLC, RLIN) | |
| Topical term or geographic name as entry element | Block management |
| 9 (RLIN) | 6220 |
| 942 ## - ADDED ENTRY ELEMENTS (KOHA) | |
| Suppress in OPAC | 0 |
| 948 ## - LOCAL PROCESSING INFORMATION (OCLC); SERIES PART DESIGNATOR (RLIN) | |
| c (OCLC) | 04/03/1997 |
| Withdrawn status | Lost status | Source of classification or shelving scheme | Damaged status | Not for loan | Home library | Current library | Shelving location | Date acquired | Total Checkouts | Full call number | Barcode | Date last seen | Copy number | Price effective from | Koha item type |
|---|---|---|---|---|---|---|---|---|---|---|---|---|---|---|---|
| Dewey Decimal Classification | London | London | Journal article | 14/09/1999 | ABS37691 | 6210-1001 | 06/08/2019 | 1 | 06/08/2019 | Journal article |